000 00601nam a2200229Ia 4500
003 OSt
005 20220924145911.0
006 a|||||r|||| 00| 0
007 ta
008 220923b |||||||| |||| 00| 0 tel d
024 _a330786
037 _cTextual
040 _aARTS
_cARTS
_btel
041 _2tel
_atel
082 _aO31,1L35,1, 35L8
100 _aSarathi Partha Au.
_9220826
245 0 _aMuttu swami dikshurdla krurdlu
260 _c1978
650 _aTAMIL LITERATURE
942 _hO31,1L35,1, 35L8
_cTEXL
_2CC
999 _c461542
_d461542